| 000 | 00679nam a2200229Ia 4500 | ||
|---|---|---|---|
| 003 | OSt | ||
| 005 | 20220925204059.0 | ||
| 006 | a|||||r|||| 00| 0 | ||
| 007 | ta | ||
| 008 | 220923b |||||||| |||| 00| 0 eng d | ||
| 037 | _cGeneral Book | ||
| 040 |
_aRTL _cRTL _beng |
||
| 041 |
_2eng _aeng |
||
| 082 | _aX:518.1.N6, K1 | ||
| 100 |
_aGeneral Agreement on Tariffs and Trade _9126123 |
||
| 245 | 0 |
_aAnti dumping and counter-vailing duties _b Report |
|
| 260 |
_aGeneva _bGATT _c1961 |
||
| 300 |
_a24p _ccm. |
||
| 650 |
_aDumping _9238955 |
||
| 942 |
_hX:518.1.N6, K1 _cGB _2CC |
||
| 999 |
_c548482 _d548482 |
||